Top Fantasy NHL Players By Position - Statistics

General Stats
  • This quiz has been taken 17 times
  • The average score is 87 of 175
Answer Stats
Forwards Team % Correct
2. Connor McDavid EDM
92%
5. Macklin Celebrini SJS
92%
1. Nathan Mackinnon COL
92%
1. Cale Makar COL
85%
4. David Pastrnak BOS
85%
17. Jack Hughes NJD
85%
7. Jason Robertson DAL
85%
6. Kirill Kaprizov MIN
85%
3. Nikita Kucherov TBL
85%
3. Quinn Hughes MIN
85%
15. Brady Tkachuk OTT
77%
19. Kyle Connor WPG
77%
5. Logan Thompson WSH
77%
10. Martin Necas COL
77%
13. Matt Boldy MIN
77%
32. Matthew Tkachuk FLA
77%
9. Mikko Rantanen DAL
77%
11. Nick Suzuki MTL
77%
18. Tage Thompson BUF
77%
1. Andrei Vasilevskiy TBL
69%
2. Connor Hellebuyck WPG
69%
4. Evan Bouchard EDM
69%
82. Evgeni Malkin PIT
69%
12. Jack Eichel VGK
69%
37. Juraj Slafkovsky MTL
69%
7. Mackenzie Blackwood COL
69%
38. Mark Stone VGK
69%
7. Rasmus Dahlin BUF
69%
6. Scott Wedgewood COL
69%
34. Sebastian Aho CAR
69%
30. Sidney Crosby PIT
69%
8. Wyatt Johnston DAL
69%
2. Zach Werenski CBJ
69%
47. Adrian Kempe LAK
62%
57. Alex Ovechkin WSH
62%
27. Artemi Panarin LAK
62%
23. Brock Faber MIN
62%
22. Carter Hart VGK
62%
36. Clayton Keller UTA
62%
16. Cole Caufield MTL
62%
39. Dylan Larkin DET
62%
10. Erik Karlsson PIT
62%
14. Igor Shesterkin NYR
62%
3. Ilya Sorokin NYI
62%
29. Jake Guentzel TBL
62%
4. Jake Oettinger DAL
62%
13. Jake Sanderson OTT
62%
10. Jeremy Swayman BOS
62%
49. Joel Eriksson Ek MIN
62%
24. Leo Carlsson ANA
62%
31. Lucas Raymond DET
62%
25. Lukas Dostal ANA
62%
14. Mark Scheifele WPG
62%
9. Matthew Schaefer NYI
62%
38. Rasmus Andersson VGK
62%
33. Seth Jarvis CAR
62%
60. Steven Stamkos NSH
62%
59. Travis Konecny PHI
62%
11. Ukko-Pekka Luukkonen BUF
62%
26. Zach Hyman EDM
62%
28. Alex Debrincat DET
54%
70. Andrei Svechnikov CAR
54%
92. Anze Kopitar LAK
54%
50. Bo Horvat NYI
54%
23. Brandon Hagel TBL
54%
22. Brayden Point TBL
54%
16. Charlie McAvoy BOS
54%
33. Cole Hutson WSH
54%
25. Connor Bedard CHI
54%
21. Cutter Gauthier ANA
54%
44. Drake Batherson OTT
54%
53. Filip Forsberg NSH
54%
8. Filip Gustavsson MIN
54%
89. Gabriel Landeskog COL
54%
12. Jakub Dobes MTL
54%
15. John Carlson ANA
54%
21. Juuse Saros NSH
54%
5. Lane Hutson MTL
54%
17. Linus Ullmark OTT
54%
11. Miro Heiskanen DAL
54%
46. Mitch Marner VGK
54%
52. Robert Thomas STL
54%
12. Roman Josi NSH
54%
61. Ryan O'Reilly NSH
54%
24. Sergei Bobrovsky FLA
54%
20. Tim Stützle OTT
54%
97. Will Smith SJS
54%
21. Adam Fox NYR
46%
65. Anthony Cirelli TBL
46%
40. Brock Nelson COL
46%
56. Bryan Rust PIT
46%
19. Dan Vladar PHI
46%
19. Dougie Hamilton NJD
46%
35. Dylan Guenther UTA
46%
78. Ivan Demidov MTL
46%
8. Jakob Chychrun WSH
46%
16. Jet Greaves CBJ
46%
13. John Gibson DET
46%
9. Karel Vejmelka UTA
46%
81. Matthew Barzal NYI
46%
41. Mika Zibanejad NYR
46%
18. Mikhail Sergachev UTA
46%
14. Moritz Seider DET
46%
73. Nico Hischier NJD
46%
100. Ryan Nugent-Hopkins EDM
46%
69. Timo Meier NJD
46%
54. Tom Wilson WSH
46%
86. Trevor Zegras PHI
46%
29. Vince Dunn SEA
46%
51. William Nylander TOR
46%
84. Alexis Lafreniere NYR
38%
48. Alex Tuch BUF
38%
99. Artturi Lehkonen COL
38%
20. Brandon Bussi CAR
38%
95. Chris Kreider ANA
38%
15. Darcy Kuemper LAK
38%
44. Darnell Nurse EDM
38%
6. Darren Raddysh TBL
38%
71. Gabriel Vilardi WPG
38%
66. Jesper Bratt NJD
38%
18. Joel Hofer STL
38%
75. John Tavares TOR
38%
55. J.T. Miller NYR
38%
40. K'Andre Miller CAR
38%
42. Kirill Marchenko CBJ
38%
90. Matthew Knies TOR
38%
27. Mattias Samuelsson BUF
38%
98. Morgan Geekie BOS
38%
28. Thomas Chabot OTT
38%
77. Troy Terry ANA
38%
62. Adam Fantilli CBJ
31%
79. Beckett Sennecke ANA
31%
47. Bowen Byram BUF
31%
26. Brandt Clarke LAK
31%
23. Connor Ingram EDM
31%
63. Dylan Cozens OTT
31%
67. Dylan Holloway STL
31%
41. Filip Hronek VAN
31%
88. Frank Nazar CHI
31%
22. Jackson LaCombe ANA
31%
35. Jacob Trouba ANA
31%
17. Josh Morrissey WPG
31%
25. MacKenzie Weegar UTA
31%
64. Matt Duchene DAL
31%
46. Mattias Ekholm EDM
31%
45. Mike Matheson MTL
31%
68. Nazem Kadri COL
31%
43. Nick Schmaltz UTA
31%
72. Nikolaj Ehlers CAR
31%
24. Noah Dobson MTL
31%
50. Noah Hanifin VGK
31%
74. Pavel Zacha BOS
31%
58. Rickard Rakell PIT
31%
20. Shayne Gostisbehere CAR
31%
32. Shea Theodore VGK
31%
31. Thomas Harley DAL
31%
76. Tomas Hertl VGK
31%
48. Travis Sanheim PHI
31%
96. Valeri Nichushkin COL
31%
42. Alexander Nikishin CAR
23%
30. Brandon Montour SEA
23%
93. Mason Marchment CBJ
23%
45. Pavel Dorofeyev VGK
23%
39. Philip Broberg STL
23%
34. Sam Malinski COL
23%
36. Sean Walker CAR
23%
87. Viktor Arvidsson BOS
23%
91. Bobby McMann SEA
15%
49. Dmitry Orlov SJS
15%
80. Jimmy Snuggerud STL
15%
37. Jordan Spence OTT
15%
85. Mikael Granlund ANA
15%
43. Zayne Parekh CGY
15%
94. Egor Chinakhov PIT
8%
83. Owen Tippett PHI
8%
No matching quizzes found
Score Distribution
Percent of People with Each Score
Percentile by Number Answered
Your Score History
You have not taken this quiz